|
|
|
|
| LEADER |
00000caa a2200000 c 4500 |
| 001 |
1630721271 |
| 003 |
DE-627 |
| 005 |
20220607122819.0 |
| 007 |
tu |
| 008 |
120329s1984 xx ||||| 00| ||ger c |
| 035 |
|
|
|a (DE-627)1630721271
|
| 035 |
|
|
|a (DE-576)362848432
|
| 035 |
|
|
|a (DE-599)BSZ362848432
|
| 040 |
|
|
|a DE-627
|b ger
|c DE-627
|e rakwb
|
| 041 |
|
|
|a ger
|
| 100 |
1 |
|
|a Ortmann, Rüdiger
|4 aut
|
| 109 |
|
|
|a Ortmann, Rüdiger
|
| 245 |
1 |
0 |
|a Resozialisierung durch Sozialtherapie
|b zur Auswahl und Behandlung von Insassen sozialtherapeutischer Anstalten
|c Rüdiger Ortmann
|
| 264 |
|
1 |
|c 1984
|
| 336 |
|
|
|a Text
|b txt
|2 rdacontent
|
| 337 |
|
|
|a ohne Hilfsmittel zu benutzen
|b n
|2 rdamedia
|
| 338 |
|
|
|a Band
|b nc
|2 rdacarrier
|
| 773 |
0 |
8 |
|i In
|t Zeitschrift für die gesamte Strafrechtswissenschaft
|d Berlin [u.a.] : de Gruyter, 1881
|g 96(1984), 3, Seite 794-833
|w (DE-627)129491098
|w (DE-600)206260-4
|w (DE-576)014885867
|x 0084-5310
|7 nnas
|
| 773 |
1 |
8 |
|g volume:96
|g year:1984
|g number:3
|g pages:794-833
|
| 951 |
|
|
|a AR
|
| ELC |
|
|
|b 1
|
| LOK |
|
|
|0 000 xxxxxcx a22 zn 4500
|
| LOK |
|
|
|0 001 3280550912
|
| LOK |
|
|
|0 003 DE-627
|
| LOK |
|
|
|0 004 1630721271
|
| LOK |
|
|
|0 005 20250312095308
|
| LOK |
|
|
|0 008 120329||||||||||||||||ger|||||||
|
| LOK |
|
|
|0 040
|a DE-21-110
|c DE-627
|d DE-21-110
|
| LOK |
|
|
|0 689
|a s
|a Behandlungsforschung
|
| LOK |
|
|
|0 689
|a s
|a Resozialisierung
|
| LOK |
|
|
|0 689
|a s
|a Sozialtherapie
|
| LOK |
|
|
|0 689
|a s
|a Sozialtherapeutische Anstalten
|
| LOK |
|
|
|0 852
|a DE-21-110
|
| LOK |
|
|
|0 852 1
|m p
|9 00
|
| LOK |
|
|
|0 935
|a k110
|
| LOK |
|
|
|0 938
|k p
|
| LOK |
|
|
|0 939
|a 29-03-12
|b l01
|
| ORI |
|
|
|a SA-MARC-krimdoka001.raw
|